Top 100 DJ's of 2024 - Statistics

General Stats
  • This quiz has been taken 51 times
  • The average score is 13 of 100
Answer Stats
Country Rank Answer % Correct
France 2 David Guetta
89%
Netherlands 23 Tiësto
70%
Netherlands 1 Martin Garrix
59%
UK 22 Calvin Harris
51%
Netherlands 6 Armin Van Buuren
46%
Australia 8 Fisher
41%
USA 12 Steve Aoki
41%
USA 19 Skrillex
35%
Australia 5 Timmy Trumpet
35%
Netherlands 7 Afrojack
32%
Norway 13 Alan Walker
30%
Netherlands 11 Hardwell
30%
USA 70 John Summit
30%
Sweden 39 Swedish House Mafia
30%
Brazil 4 Alok
27%
Belgium/Greece 3 Dimitri Vegas & Like Mike
27%
Sweden 43 Alesso
24%
France 33 DJ Snake
24%
Australia 66 Dom Dolla
24%
USA 34 Marshmello
24%
South Korea 10 Peggy Gou
22%
Belgium 16 Charlotte De Witte
19%
Canada 67 Deadmau5
19%
Belgium 20 Lost Frequencies
19%
Netherlands. 91 Mau P
19%
South Africa 24 Black Coffee
16%
Australia 50 Nervo
16%
Brazil 9 Vintage Culture
16%
Russia 54 Zedd
16%
UK 31 Carl Cox
14%
UK 57 James Hype
14%
Italy 100 MEDUZA
14%
Netherlands 25 Nicky Romero
14%
USA 42 The Chainsmokers
14%
Italy 58 Deborah De Luca
11%
Netherlands 15 Don Diablo
11%
UK 28 Fred Again...
11%
USA/Netherlands 75 Sara Landry
11%
Belgium 41 Amelie Lens
8%
USA/Portugal 17 Anyma
8%
Sweden 46 Eric Prydz
8%
Guatemala 45 Gordo
8%
Wales 30 Jamie Jones
8%
UK 36 Joel Corry
8%
USA 14 KSHMR
8%
Netherlands 71 Lucas & Steve
8%
Brazil 61 Mochakk
8%
Netherlands 29 Oliver Heldens
8%
Netherlands 18 R3hab
8%
Bosnia/Germany 88 Solomun
8%
Germany 59 Tujamo
8%
Italy 52 VINAI
8%
Germany 47 ATB
5%
Netherlands 44 Bassjackers
5%
Brazil 77 Cat Dealers
5%
Netherlands 40 Fedde Le Grand
5%
Spain/Italy 49 Indira Paganotto
5%
Germany 35 Keinemusik
5%
Ukraine 60 Korolova
5%
Brazil 79 Liu
5%
Netherlands 69 Maddix
5%
Netherlands 73 Mike Williams
5%
Netherlands 38 Quintino
5%
Ukraine/Canada 86 Rezz
5%
Germany 97 Topic
5%
Israel 27 Vini Vici
5%
Netherlands 21 W&W
5%
UK/Finland 53 Above & Beyond
3%
Germany 55 Boris Brejcha
3%
Brazil 62 Dubdogz
3%
Netherlands 76 DubVision
3%
Netherlands 80 Ferry Corsten
3%
Netherlands 63 Julian Jordan
3%
Denmark 78 Kölsch
3%
Portugal 56 Kura
3%
Germany 37 Paul van Dyk
3%
Thailand 74 22Bullets
0%
China 85 Aryue
0%
Spain 94 B Jones
0%
Turkey/Netherlands 64 Burak Yeter
0%
N/A 32 Claptone
0%
Germany 89 Cuebrick
0%
Spain 72 Danny Avila
0%
Denmark 99 Faustix
0%
Italy 98 Giuseppe Ottaviani
0%
UK 82 Jax Jones
0%
Sweden 48 KAAZE
0%
China 92 KAKA
0%
Mexico 83 Le Twins
0%
Mexico 51 Mariana Bo
0%
Italy 90 Marnik
0%
France 95 Naeleck
0%
South Africa/Swizerland 65 Nora En Pure
0%
UK 93 Pink Panda
0%
Spain/Germany 81 Plastik Funk
0%
Switzerland/Australia 96 Rave Republic
0%
Netherlands 26 Reinier Zonneveld
0%
USA 68 The Martinez Brothers
0%
Norway 84 Tungevaag
0%
Singapore 87 WUKONG
0%
No matching quizzes found
Score Distribution
Percent of People with Each Score
Percentile by Number Answered
Your Score History
You have not taken this quiz